|
|
|
|
| LEADER |
00000nam1a2200000 4500 |
| 001 |
116786 |
| 005 |
20231031123348.0 |
| 010 |
|
|
|a 5922103717
|
| 035 |
|
|
|a (RuTPU)RU\TPU\book\126378
|
| 090 |
|
|
|a 116786
|
| 100 |
|
|
|a 20070528d2005 m y0rusy50 ca
|
| 101 |
0 |
|
|a rus
|
| 102 |
|
|
|a RU
|
| 200 |
1 |
|
|a Лекции по сверхвысокочастотной электронике для физиков
|e в 2 т.
|f Д. И. Трубецков, А. Е. Храмов
|
| 210 |
|
|
|a Москва
|c Физматлит
|d 2005
|
| 700 |
|
1 |
|a Трубецков
|b Д. И.
|g Дмитрий Иванович
|
| 701 |
|
1 |
|a Храмов
|b А. Е.
|g Александр Евгеньевич
|
| 801 |
|
1 |
|a RU
|b 63413507
|c 20070528
|g PSBO
|
| 801 |
|
2 |
|a RU
|b 63413507
|c 20130704
|g PSBO
|
| 942 |
|
|
|c BK
|